000 00449nam a2200169 i 4500
001 bg
100 1 _aCICHY, Marek
245 0 _aZbiór zadań z propedeutyki informatyki /
_cM. Cichy, J. Nomańczuk, S. Szpakowicz.
260 _aWarszawa,
_c1986.
700 1 _aNOMAŃCZUK, Jerzy
700 1 _aSZPAKOWICZ, Stanisław
040 _cBPK
041 _apol
080 _a681.3(075.8)(076)
942 _cKS
008 s pl f |000 0 pol
999 _c2736
_d2736
856 _uhttp://koha.tu.koszalin.pl/cgi-bin/koha/opac-detail.pl?biblionumber=2736
_yKatalog online BPK